书目信息 |
| 题名: |
西方社会哲学
|
|
| 作者: | 王守昌 著 | |
| 分册: | ||
| 出版信息: | 北京 东方出版社 1996.08 |
|
| 页数: | 399页 | |
| 开本: | 32开 | |
| 丛书名: | ||
| 单 册: | ||
| 中图分类: | C91-06 | |
| 科图分类: | 5 | |
| 主题词: | 社会学 | |
| 电子资源: | ||
| ISBN: | 7-5060-0770-3 | |
| 000 | 00551nam0 2200205 45 | |
| 001 | 1009080612 | |
| 005 | 20100908065255.4 | |
| 010 | @a7-5060-0770-3@d24.00元 | |
| 100 | @a20100908d1996 km y0chiy0120 ea | |
| 101 | 0 | @achi |
| 105 | @a z 000yy | |
| 200 | 1 | @a西方社会哲学@AXi Fang She Hui Zhe Xue@f王守昌著@FWang Shou Chang Zhu |
| 210 | @a北京@c东方出版社@d1996.08 | |
| 215 | @a399页@d32开 | |
| 606 | 0 | @a社会学 |
| 690 | @aC91-06@v3 | |
| 692 | @a5 | |
| 701 | 0 | @a王守昌@4著 |
| 801 | @aCN@bPftUser@c20100908 | |
| 905 | @b134010-014@dC91-06@eW123@f5 | |
| 西方社会哲学/王守昌著.-北京:东方出版社,1996.08 |
| 399页;32开 |
| ISBN 7-5060-0770-3:24.00元 |
| ● |
| 相关链接 |
|
|
|
正题名:西方社会哲学
索取号:C91-06/W123
 
预约/预借
| 序号 | 登录号 | 条形码 | 馆藏地/架位号 | 状态 | 备注 |
| 1 | 134010 | 201340101 | 社科库509/509社科库 56排4列3层/ [索取号:C91-06/W123] | 在馆 | |
| 2 | 134011 | 201340110 | 社科库509/509社科库 56排4列3层/ [索取号:C91-06/W123] | 在馆 | |
| 3 | 134012 | 201340129 | 社科库509/509社科库 56排4列3层/ [索取号:C91-06/W123] | 在馆 | |
| 4 | 134013 | 201340138 | 社科库509/509社科库 56排4列3层/ [索取号:C91-06/W123] | 在馆 | |
| 5 | 134014 | 201340147 | 社科库509/509社科库 56排4列3层/ [索取号:C91-06/W123] | 在馆 |